_Organizational behavior The person- organization fit Afsaneh Nahavandi (Record no. 12412)
[ view plain ]
| 000 -LEADER | |
|---|---|
| fixed length control field | 00517nam a2200169Ia 4500 |
| 008 - FIXED-LENGTH DATA ELEMENTS--GENERAL INFORMATION | |
| fixed length control field | 151021s9999 xx 000 0 und d |
| 020 ## - INTERNATIONAL STANDARD BOOK NUMBER | |
| International Standard Book Number | 132859823 |
| 050 ## - LIBRARY OF CONGRESS CALL NUMBER | |
| Classification number | HD 58.7.N34 1998 |
| 245 ## - TITLE STATEMENT | |
| Title | _Organizational behavior The person- organization fit Afsaneh Nahavandi |
| 260 ## - PUBLICATION, DISTRIBUTION, ETC. (IMPRINT) | |
| Place of publication, distribution, etc. | New Jersey Prentice hall 1998 |
| 300 ## - PHYSICAL DESCRIPTION | |
| Extent | xxix,609pill. |
| 500 ## - GENERAL NOTE | |
| General note | Include index |
| 500 ## - GENERAL NOTE | |
| General note | Include index |
| 650 ## - SUBJECT ADDED ENTRY--TOPICAL TERM | |
| Topical term or geographic name as entry element | _Oganizational behavior |
| 700 ## - ADDED ENTRY--PERSONAL NAME | |
| Personal name | _Malekzadeh R. Ali |
| 980 ## - EQUIVALENCE OR CROSS-REFERENCE-SERIES STATEMENT--PERSONAL NAME/TITLE [LOCAL, CANADA] | |
| Personal name | ^d20120815 10:06:28^okorir |
No items available.